Normal view
MARC view
- Kelley, Al
Entry Personal Name
001 - CONTROL NUMBER
- control field: 97630
003 - CONTROL NUMBER IDENTIFIER
- control field: NUST
005 - DATE AND TIME OF LATEST TRANSACTION
- control field: 20220817110606.0
008 - FIXED-LENGTH DATA ELEMENTS
- fixed length control field: 220817|| aca||aabn | a|a d
040 ## - CATALOGING SOURCE
- Original cataloging agency: NUST
- Transcribing agency: NUST
100 ## - HEADING--PERSONAL NAME
- Personal name: Kelley, Al
670 ## - SOURCE DATA FOUND
- Source citation: Work cat.: (NUST)179265: Kelley, Al., A book on C :, c1998.
